00998cam a2200289Ia 450000100090000000300060000900500170001500800410003202000150007302000180008803500200010604000370012608200170016310000340018024501090021424600340032325000250035726000450038230000220042750000300044950000480047950400410052763000250056863000360059370000490062970000300067840429832OCoLC20190111181613.0981202s1975 miu bd 000 0 eng d a0310265703 a9780310265702 a(OCoLC)40429832 aPBEcPBEdOCLdOCLCQdOCLCGdBSC a220.7bH521C1 aJamieson, Robert,d1802-1880.10aCommentary, practical and explanatory, on the whole Bible /cRobert Jamieson, A.R. Fausset, David Brown.18aCommentary on the whole Bible a[New clear type ed.] aGrand Rapids, Mich. :bZondervan,c1982. a1591 p. ;c24 cm. aNineteenth printing 1982. aSpine title: Commentary on the whole Bible. aIncludes bibliographical references.00aBiblevCommentaries.00aBiblexGeographyvDictionaries.1 aFausset, A. R.q(Andrew Robert),d1821-1910.1 aBrown, David,d1803-1897.